World impacting churches : (Record no. 2777)

MARC details
000 -LEADER
fixed length control field 00600nam a2200193Ia 4500
003 - CONTROL NUMBER IDENTIFIER
control field GBCCL
005 - DATE AND TIME OF LATEST TRANSACTION
control field 20241126110439.0
008 - FIXED-LENGTH DATA ELEMENTS--GENERAL INFORMATION
fixed length control field 170919b xxu||||| |||| 00| 0 eng d
040 ## - CATALOGING SOURCE
Transcribing agency gbc
082 ## - DEWEY DECIMAL CLASSIFICATION NUMBER
Classification number 266
Item number EBY
100 ## - MAIN ENTRY--PERSONAL NAME
Personal name Eby, James R.
9 (RLIN) 5873
245 ## - TITLE STATEMENT
Title World impacting churches :
Remainder of title 10 essential characteristics for changing the world and finishing the great commission
260 ## - PUBLICATION, DISTRIBUTION, ETC.
Place of publication, distribution, etc. Mustang, OK :
Name of publisher, distributor, etc. Tate Publishing,
Date of publication, distribution, etc. ©2007.
300 ## - PHYSICAL DESCRIPTION
Extent 232p.
650 ## - SUBJECT ADDED ENTRY--TOPICAL TERM
Topical term or geographic name entry element Missions
Geographic subdivision world
9 (RLIN) 5874
650 ## - SUBJECT ADDED ENTRY--TOPICAL TERM
Topical term or geographic name entry element Great Commission (Bible)
9 (RLIN) 5893
650 ## - SUBJECT ADDED ENTRY--TOPICAL TERM
Topical term or geographic name entry element Evangelistic work.
9 (RLIN) 290
942 ## - ADDED ENTRY ELEMENTS (KOHA)
Source of classification or shelving scheme Dewey Decimal Classification
Koha item type Books
Koha issues (borrowed), all copies 34
Holdings
Withdrawn status Lost status Source of classification or shelving scheme Damaged status Not for loan Home library Current Library Shelving location Date acquired Total checkouts Full call number Barcode Date last seen Date last checked out Copy number Price effective from Koha item type Total renewals
    Dewey Decimal Classification     GRACE BIBLE COLLEGE GRACE BIBLE COLLEGE Ministry & Mission 2017-09-19 6 266 EBY 013204 2025-05-01 2023-03-16 c.3 2017-09-19 Books  
    Dewey Decimal Classification     GRACE BIBLE COLLEGE GRACE BIBLE COLLEGE Ministry & Mission 2017-09-19 4 266 EBY 013202 2025-05-01 2022-09-28 c.1 2017-09-19 Books 2
    Dewey Decimal Classification     GRACE BIBLE COLLEGE GRACE BIBLE COLLEGE Ministry & Mission 2017-09-19 2 266 EBY 013203 2025-05-01 2022-09-27 c.2 2017-09-19 Books  
    Dewey Decimal Classification     GRACE BIBLE COLLEGE GRACE BIBLE COLLEGE Ministry & Mission 2017-09-19 3 266 EBY 013205 2025-05-01 2022-09-27 c.4 2017-09-19 Books  
    Dewey Decimal Classification     GRACE BIBLE COLLEGE GRACE BIBLE COLLEGE Ministry & Mission 2017-09-19 7 266 EBY 013211 2025-10-06 2025-10-03 c.10 2017-09-19 Books  
    Dewey Decimal Classification     GRACE BIBLE COLLEGE GRACE BIBLE COLLEGE Ministry & Mission 2017-09-19 7 266 EBY 013207 2026-03-13 2026-03-10 c.6 2017-09-19 Books  
    Dewey Decimal Classification     GRACE BIBLE COLLEGE GRACE BIBLE COLLEGE Ministry & Mission 2017-09-19 4 266 EBY 013209 2025-05-01 2022-10-11 c.7 2017-09-19 Books  
    Dewey Decimal Classification     GRACE BIBLE COLLEGE GRACE BIBLE COLLEGE Ministry & Mission 2017-09-19 2 266 EBY 013208 2025-05-01 2022-10-11 c.8 2017-09-19 Books  
    Dewey Decimal Classification     GRACE BIBLE COLLEGE GRACE BIBLE COLLEGE Ministry & Mission 2017-09-19 2 266 EBY 013206 2025-05-01 2022-09-28 c.5 2017-09-19 Books  
    Dewey Decimal Classification     GRACE BIBLE COLLEGE GRACE BIBLE COLLEGE Ministry & Mission 2017-09-19 3 266 EBY 013210 2025-08-07 2025-08-05 c.9 2017-09-19 Books 1
© Grace Bible College Library 2025